02365nam a22002537a 4500003001700000005001700017008004100034020001800075040000700093041001200100082001800112100002800130245002200158250000600180260004600186300003000232365006300262520154200325650004101867700002501908942001201933999001901945952014701964St Aloysius Coll20250620092307.0250620b |||||||| |||| 00| 0 eng d a9788120351264 cAL aEnglish 223a547bMEHO aBhupinder Mehta9215594 aOrganic chemistry a2 aNew DelhibPHI Learning Private Ltdc2023 axxxii,1172pbPBc23x18cm. 2Generala1453b₹1195.00c₹d₹956.00e20%f17/06/2025 aThe second edition of the book continues to offer a range of pedagogical features maintaining the balanced approach of the text. The attempts have been made to further strengthen the conceptual understanding by introducing more ideas and a number of solved problems. Comprehensive in approach, this text presents a rigorous treatment of organic chemistry to enable undergraduate students to learn the subject in a clear, direct, easily understandable and logical manner. Presented in a new and exciting way, the goal of this book is to make the study of organic chemistry as stimulating, interesting, and relevant as possible Beginning with the structures and properties of molecules, IUPAC nomenclature, stereochemistry, and mechanisms of organic reactions, proceeding next to detailed treatment of chemistry of hydrocarbons and functional groups, then to organometallic compounds and oxidation–reduction reactions, and ending with a study of selected topics (such as heterocyclic compounds, carbohydrates, amino acids, peptides and proteins, drugs and pesticides, dyes, synthetic polymers and spectroscopy), the book narrates a cohesive story about organic chemistry. Transitions between topics are smooth, explanations are lucid, and tie-ins to earlier material are frequent to maintain continuity. The book contains over 500 solved problems from simple to really challenging ones with suitable explanations. In addition, over 275 examples and solved problems on IUPAC nomenclature, with varying levels of difficulty, are included.  2ChemistryaOrganic Chemistry9215595 aMehta, Manju9215596 2ddccBK c234499d234499 00102ddc40708GCaSACPGbSACPGd2025-06-18eBiblios Book Pointg956.00l0o547 MEHOpPG025027r2025-06-20 09:26:45v1195.00w0000-00-00yBK